Designing Geodatabases : (Record no. 14907)
[ view plain ]
| 000 -LEADER | |
|---|---|
| fixed length control field | 01575cam a22003374a 4500 |
| 001 - CONTROL NUMBER | |
| control field | 13650002 |
| 005 - DATE AND TIME OF LATEST TRANSACTION | |
| control field | 20060909133853.0 |
| 008 - FIXED-LENGTH DATA ELEMENTS--GENERAL INFORMATION | |
| fixed length control field | 040709s2004 cauab 000 0 eng |
| 010 ## - LIBRARY OF CONGRESS CONTROL NUMBER | |
| LC control number | 2004015047 |
| 020 ## - INTERNATIONAL STANDARD BOOK NUMBER | |
| International Standard Book Number | 158948021X |
| 020 ## - INTERNATIONAL STANDARD BOOK NUMBER | |
| International Standard Book Number | 9781589480216 |
| 040 ## - CATALOGING SOURCE | |
| Original cataloging agency | DLC |
| Transcribing agency | DLC |
| Modifying agency | DLC |
| 042 ## - AUTHENTICATION CODE | |
| Authentication code | pcc |
| 050 00 - LIBRARY OF CONGRESS CALL NUMBER | |
| Classification number | G70.2 |
| Item number | .A74 2004 |
| 082 00 - DEWEY DECIMAL CLASSIFICATION NUMBER | |
| Classification number | 005.74 |
| Edition number | 22 |
| Item number | ART |
| 100 1# - MAIN ENTRY--PERSONAL NAME | |
| Personal name | Arctur, David, |
| Dates associated with a name | 1951- |
| 9 (RLIN) | 21885 |
| 245 10 - TITLE STATEMENT | |
| Title | Designing Geodatabases : |
| Remainder of title | Case Studies in GIS Data Modeling / |
| Statement of responsibility, etc | David Arctur, Michael Zeiler. |
| 260 ## - PUBLICATION, DISTRIBUTION, ETC. (IMPRINT) | |
| Place of publication, distribution, etc | Redlands, Calif. : |
| Name of publisher, distributor, etc | ESRI Press, 2004 |
| Date of publication, distribution, etc | c2004. |
| 300 ## - PHYSICAL DESCRIPTION | |
| Extent | 411 p. : |
| Other physical details | col. ill., col. map ; |
| Dimensions | 23 cm. |
| 650 #0 - SUBJECT ADDED ENTRY--TOPICAL TERM | |
| Topical term or geographic name as entry element | Geographic information systems. |
| 9 (RLIN) | 21886 |
| 650 #0 - SUBJECT ADDED ENTRY--TOPICAL TERM | |
| Topical term or geographic name as entry element | Information storage and retrieval systems |
| General subdivision | Geography. |
| 9 (RLIN) | 21887 |
| 650 #0 - SUBJECT ADDED ENTRY--TOPICAL TERM | |
| Topical term or geographic name as entry element | Database design. |
| 9 (RLIN) | 21888 |
| 650 #0 - SUBJECT ADDED ENTRY--TOPICAL TERM | |
| Topical term or geographic name as entry element | Database management. |
| 9 (RLIN) | 21889 |
| 700 1# - ADDED ENTRY--PERSONAL NAME | |
| Personal name | Zeiler, Michael. |
| 9 (RLIN) | 21890 |
| 856 42 - ELECTRONIC LOCATION AND ACCESS | |
| Materials specified | Publisher description |
| Uniform Resource Identifier | <a href="http://www.loc.gov/catdir/description/ipg051/2004015047.html">http://www.loc.gov/catdir/description/ipg051/2004015047.html</a> |
| 856 42 - ELECTRONIC LOCATION AND ACCESS | |
| Materials specified | Contributor biographical information |
| Uniform Resource Identifier | <a href="http://www.loc.gov/catdir/bios/ipg051/2004015047.html">http://www.loc.gov/catdir/bios/ipg051/2004015047.html</a> |
| 856 41 - ELECTRONIC LOCATION AND ACCESS | |
| Materials specified | Table of contents |
| Uniform Resource Identifier | <a href="http://www.loc.gov/catdir/toc/ecip0419/2004015047.html">http://www.loc.gov/catdir/toc/ecip0419/2004015047.html</a> |
| 942 ## - ADDED ENTRY ELEMENTS (KOHA) | |
| Source of classification or shelving scheme | Dewey Decimal Classification |
| Item type | Book - Borrowing |
| Withdrawn status | Item status | Source of classification or shelving scheme | Damaged status | Not for loan | Vendor | Home library | Current library | Shelving location | Date acquired | Source of acquisition | Total Checkouts | Full call number | Barcode | Date last seen | Date last borrowed | Koha item type |
|---|---|---|---|---|---|---|---|---|---|---|---|---|---|---|---|---|
| Dewey Decimal Classification | Central Library | Central Library | Lower Floor | 11/01/2011 | 1 | 005.74 ART | 000022741 | 15/07/2025 | 16/08/2011 | Book - Borrowing |